Southville International School and Colleges
Your cart is empty.
  • Cart
  • Lists
    Public lists Eva Luna New books Lux_list list_1
    Your lists Log in to create your own lists
  • Log in to your account
  • Your cookies
  • Search history
Southville International School and Colleges
  • Advanced search
  • Recent comments
  • Most popular
  • Libraries

Log in to your account

Log in with GOOGLE


If you do not have an external account, but do have a local account, you can still log in:

  1. Home
  2. MARC view: The social psychology of power /
Normal view MARC view ISBD view

The social psychology of power / (Record no. 24191)

[ view plain ]
MARC details
000 -LEADER
fixed length control field 00602nam a2200217 a 4500
005 - DATE AND TIME OF LATEST TRANSACTION
control field 20140310183512.0
008 - FIXED-LENGTH DATA ELEMENTS--GENERAL INFORMATION
fixed length control field 101012s19uu xx 00 eng d
020 ## - INTERNATIONAL STANDARD BOOK NUMBER
International Standard Book Number 9781606236192
050 ## - LIBRARY OF CONGRESS CALL NUMBER
Classification number HM 1251
Item number .So63 2010
245 ## - TITLE STATEMENT
Title The social psychology of power /
260 ## - PUBLICATION, DISTRIBUTION, ETC. (IMPRINT)
Place of publication, distribution, etc New York :
Name of publisher, distributor, etc The Guildford press,
Date of publication, distribution, etc 2010.
300 ## - PHYSICAL DESCRIPTION
Extent 469 p. :
Dimensions 23 cm.
521 ## - TARGET AUDIENCE NOTE
Target audience note
650 ## - SUBJECT ADDED ENTRY--TOPICAL TERM
Topical term or geographic name as entry element Authority.
650 ## - SUBJECT ADDED ENTRY--TOPICAL TERM
Topical term or geographic name as entry element Social control-social influence.
650 ## - SUBJECT ADDED ENTRY--TOPICAL TERM
Topical term or geographic name as entry element CONTROL ( Psychology).
700 ## - ADDED ENTRY--PERSONAL NAME
Personal name edited by: Guinote, Ana
700 ## - ADDED ENTRY--PERSONAL NAME
Personal name Vescio, Theresa
942 ## - ADDED ENTRY ELEMENTS (KOHA)
Koha item type Books
Source of classification or shelving scheme Library of Congress Classification
Call number prefix Foreign
Holdings
Withdrawn status Lost status Source of classification or shelving scheme Damaged status Home library Current library Shelving location Date acquired Source of acquisition Cost, normal purchase price Total Checkouts Full call number Barcode Date last seen Copy number Price effective from Koha item type
    Library of Congress Classification   College Library College Library General Circulation Section 10/12/2010 Donation 4680.00   HM 1251 .So63 2010 C11581 05/15/2018 1 10/18/2013 Books

The social psychology of power /

APA

edited by: Guinote A., Vescio T., . (2010). The social psychology of power. New York: The Guildford press.

Chicago

edited by: Guinote Ana, Vescio Theresa, . 2010. The social psychology of power. New York: The Guildford press.

Harvard

edited by: Guinote A., Vescio T., . (2010). The social psychology of power. New York: The Guildford press.

MLA

edited by: Guinote Ana, Vescio Theresa, . The social psychology of power. New York: The Guildford press. 2010.

  • Place hold
  • Print
  • Cite
  • Add to your cart (remove)
  • Save record
    BIBTEX Dublin Core MARCXML MARC (non-Unicode/MARC-8) MARC (Unicode/UTF-8) MARC (Unicode/UTF-8, Standard) MODS (XML) RIS
  • More searches
    Search for this title in:
    Other Libraries (WorldCat) Other Databases (Google Scholar) Online Stores (Bookfinder.com) Open Library (openlibrary.org)

Exporting to Dublin Core...

SOUTHVILLE LIBRARY

Southville International School and Colleges Library

1281 Tropical Ave. Cor. Luxembourg St., BF Homes International, Las Pinas City

Tel. No. 8256374 / 252358 Loc. 117/146

Powered by Koha